|
|
|
|
| LEADER |
00000naa2a2200000 4500 |
| 001 |
227095 |
| 005 |
20231225153419.0 |
| 035 |
|
|
|a (RuTPU)RU\TPU\book\247494
|
| 035 |
|
|
|a RU\TPU\book\51759
|
| 090 |
|
|
|a 227095
|
| 100 |
|
|
|a 20121130d1998 k y0rusy50 ca
|
| 101 |
0 |
|
|a rus
|
| 102 |
|
|
|a RU
|
| 200 |
1 |
|
|a Исследование твердосплавных материалов, подвергнутых радиационному воздействию методом электрон-позитронной анигиляции
|f К. П. Арефьев, Д. В. Кузнецов, В. П. Нестеренко
|
| 463 |
|
1 |
|0 (RuTPU)RU\TPU\book\8059
|t Международная конференция "Радиационно-термические эффекты и процессы в неорганических материалах", 22-25 сентября 1998 г., г. Томск
|o тезисы докладов
|f Томский политехнический университет
|v С. 24-25
|d 1998
|p 210 с.
|
| 610 |
1 |
|
|a труды учёных ТПУ
|
| 700 |
|
1 |
|a Арефьев
|b К. П.
|c физик
|c профессор Томского политехнического университета, доктор физико-математических наук
|c член-корреспондент РАЕН
|f 1947-
|g Константин Петрович
|3 (RuTPU)RU\TPU\pers\19765
|9 7703
|
| 701 |
|
1 |
|a Кузнецов
|b Д. В.
|
| 701 |
|
1 |
|a Нестеренко
|b В. П.
|c специалист в области материаловедения
|c доцент Томского политехнического университета, кандидат технических наук
|f 1949-
|g Владимир Петрович
|3 (RuTPU)RU\TPU\pers\30074
|4 070
|
| 801 |
|
1 |
|a RU
|b 63413507
|c 20021017
|g PSBO
|
| 801 |
|
2 |
|a RU
|b 63413507
|c 20121130
|g PSBO
|
| 942 |
|
|
|c BK
|